<?xml version="1.0" encoding="UTF-8"?>
<record
    xmlns:xsi="http://www.w3.org/2001/XMLSchema-instance"
    xsi:schemaLocation="http://www.loc.gov/MARC21/slim http://www.loc.gov/standards/marcxml/schema/MARC21slim.xsd"
    xmlns="http://www.loc.gov/MARC21/slim">

  <leader>00324nam a2200133Ia 4500</leader>
  <controlfield tag="008">191201s2001    xx            000 0 und d</controlfield>
  <datafield tag="082" ind1=" " ind2=" ">
    <subfield code="a">677.02828</subfield>
    <subfield code="b">ADH</subfield>
  </datafield>
  <datafield tag="100" ind1=" " ind2=" ">
    <subfield code="a">ADANUR, Sabit</subfield>
  </datafield>
  <datafield tag="245" ind1=" " ind2="0">
    <subfield code="a">Hand Book of Weaving</subfield>
  </datafield>
  <datafield tag="260" ind1=" " ind2=" ">
    <subfield code="a">Londan</subfield>
    <subfield code="b">Woodhead Publisher</subfield>
    <subfield code="c">2001</subfield>
  </datafield>
  <datafield tag="300" ind1=" " ind2=" ">
    <subfield code="a">436</subfield>
  </datafield>
  <datafield tag="650" ind1=" " ind2=" ">
    <subfield code="a">B.Tech(TE)</subfield>
  </datafield>
  <datafield tag="942" ind1=" " ind2=" ">
    <subfield code="2">ddc</subfield>
    <subfield code="c">BK</subfield>
  </datafield>
  <datafield tag="999" ind1=" " ind2=" ">
    <subfield code="c">3965</subfield>
    <subfield code="d">3965</subfield>
  </datafield>
  <datafield tag="952" ind1=" " ind2=" ">
    <subfield code="0">0</subfield>
    <subfield code="1">0</subfield>
    <subfield code="2">ddc</subfield>
    <subfield code="4">0</subfield>
    <subfield code="7">0</subfield>
    <subfield code="8">BTECHTE</subfield>
    <subfield code="a">PIET</subfield>
    <subfield code="b">PIET</subfield>
    <subfield code="d">2009-07-20</subfield>
    <subfield code="e">Indian International Text Book</subfield>
    <subfield code="g">146.00</subfield>
    <subfield code="k">1260</subfield>
    <subfield code="l">0</subfield>
    <subfield code="o">677.02828 ADH</subfield>
    <subfield code="p">12378</subfield>
    <subfield code="r">2019-12-04 00:00:00</subfield>
    <subfield code="w">2009-07-14</subfield>
    <subfield code="y">BK</subfield>
  </datafield>
  <datafield tag="952" ind1=" " ind2=" ">
    <subfield code="0">0</subfield>
    <subfield code="1">0</subfield>
    <subfield code="2">ddc</subfield>
    <subfield code="4">0</subfield>
    <subfield code="7">0</subfield>
    <subfield code="8">BTECHTE</subfield>
    <subfield code="a">PIET</subfield>
    <subfield code="b">PIET</subfield>
    <subfield code="d">2009-07-20</subfield>
    <subfield code="e">Indian International Text Book</subfield>
    <subfield code="g">146.00</subfield>
    <subfield code="k">1260</subfield>
    <subfield code="l">0</subfield>
    <subfield code="o">677.02828 ADH</subfield>
    <subfield code="p">12379</subfield>
    <subfield code="r">2019-12-04 00:00:00</subfield>
    <subfield code="w">2009-07-14</subfield>
    <subfield code="y">BK</subfield>
  </datafield>
  <datafield tag="952" ind1=" " ind2=" ">
    <subfield code="0">0</subfield>
    <subfield code="1">0</subfield>
    <subfield code="2">ddc</subfield>
    <subfield code="4">0</subfield>
    <subfield code="7">0</subfield>
    <subfield code="8">BTECHTE</subfield>
    <subfield code="a">PIET</subfield>
    <subfield code="b">PIET</subfield>
    <subfield code="d">2012-05-09</subfield>
    <subfield code="e">Indian International Text Book</subfield>
    <subfield code="g">13893.00</subfield>
    <subfield code="k">2115</subfield>
    <subfield code="l">1</subfield>
    <subfield code="o">677.02828 ADH</subfield>
    <subfield code="p">19280</subfield>
    <subfield code="r">2019-12-19 00:00:00</subfield>
    <subfield code="s">2019-12-16</subfield>
    <subfield code="w">2012-04-03</subfield>
    <subfield code="y">BK</subfield>
  </datafield>
  <datafield tag="952" ind1=" " ind2=" ">
    <subfield code="0">0</subfield>
    <subfield code="1">0</subfield>
    <subfield code="2">ddc</subfield>
    <subfield code="4">0</subfield>
    <subfield code="7">0</subfield>
    <subfield code="8">BTECHTE</subfield>
    <subfield code="a">PIET</subfield>
    <subfield code="b">PIET</subfield>
    <subfield code="d">2012-05-09</subfield>
    <subfield code="e">Indian International Text Book</subfield>
    <subfield code="g">13893.00</subfield>
    <subfield code="k">2115</subfield>
    <subfield code="l">1</subfield>
    <subfield code="o">677.02828 ADH</subfield>
    <subfield code="p">19281</subfield>
    <subfield code="r">2020-11-24 00:00:00</subfield>
    <subfield code="s">2020-11-11</subfield>
    <subfield code="w">2012-04-03</subfield>
    <subfield code="y">BK</subfield>
  </datafield>
  <datafield tag="952" ind1=" " ind2=" ">
    <subfield code="0">0</subfield>
    <subfield code="1">0</subfield>
    <subfield code="2">ddc</subfield>
    <subfield code="4">0</subfield>
    <subfield code="7">0</subfield>
    <subfield code="8">BTECHTE</subfield>
    <subfield code="a">PIET</subfield>
    <subfield code="b">PIET</subfield>
    <subfield code="d">2012-05-09</subfield>
    <subfield code="e">Indian International Text Book</subfield>
    <subfield code="g">13893.00</subfield>
    <subfield code="k">2115</subfield>
    <subfield code="l">1</subfield>
    <subfield code="o">677.02828 ADH</subfield>
    <subfield code="p">19282</subfield>
    <subfield code="r">2020-11-24 00:00:00</subfield>
    <subfield code="s">2020-11-11</subfield>
    <subfield code="w">2012-04-03</subfield>
    <subfield code="y">BK</subfield>
  </datafield>
</record>
